Pièces de The Skeld (Among Us) - Carte Quiz - Statistiques

Statistiques générales
  • Ce quiz a été pris 5 625 fois
  • Le résultat moyen est 10 sur 14
Réponses sur la Carte
Les réponses sont colorées sur une échelle allant du rouge au vert en fonction du pourcentage des utilisateurs qui les ont devinées à leur premier essai. Vous pouvez retrouver ces pourcentages ci-dessous.
 
Statistiques - réponses
Réponse % Correct
Cafétéria
87%
Electricité
83%
Infirmerie
79%
Moteur inférieur
76%
Moteur supérieur
74%
Sécurité
74%
Administration
72%
Navigation
72%
O2
71%
Cargo
68%
Réacteur
67%
Radio
61%
Armes
59%
Boucliers
59%
Aucun quiz correspondant
Distribution des résultats
% des personnes avec chaque résultat
Percentile par nombre de réponses
Votre historique - résultats
Vous n’avez pas pris ce quiz